Top 50 most popular names for girls - Statistics

General Stats
  • This quiz has been taken 51 times
  • The average score is 19 of 50
Answer Stats
Answer % Correct
Olivia
81%
Emma
77%
Ava
72%
Emily
67%
Lily
67%
Sofia
67%
Sophia
67%
Charlotte
63%
Mia
63%
Elizabeth
60%
Isabella
60%
Amelia
58%
Grace
58%
Chloe
53%
Hannah
53%
Ella
49%
Victoria
47%
Lucy
44%
Zoe
44%
Ellie
40%
Luna
40%
Willow
40%
Abigail
37%
Evelyn
37%
Violet
37%
Isla
35%
Madison
35%
Aria
33%
Avery
33%
Harper
30%
Hazel
30%
Ivy
30%
Gianna
26%
Mila
26%
Layla
23%
Nora
23%
Maya
21%
Naomi
21%
Riley
21%
Penelope
19%
Emilia
16%
Aurora
14%
Camila
14%
Eleanor
14%
Nova
14%
Scarlett
14%
Elena
12%
Stella
12%
Eliana
9%
Valentina
2%
No matching quizzes found
Score Distribution
Percent of People with Each Score
Percentile by Number Answered
Your Score History
You have not taken this quiz